000 00819nam a2200253 i 4500
001 17313
003 ES-MaACL
005 20251003193213.0
007 t|
008 010126s2000 sp |||| | spa d
020 _a84-8012-298-6
080 _a821.134.2 Merino, José María 1.06
245 0 0 _aAproximaciones críticas al mundo narrativo de José María Merino /
_cedición de Angeles Encinar y Kathleen M. Glenn.
250 _a1ª ed.
260 _aLeón :
_bEdilesa,
_c2000.
300 _a270 p. ;
_c22 cm.
490 1 _aEdilesa ensayo
600 1 4 _aMerino, José María,
_d1941-
_xCrítica e interpretación
_980522
700 1 _aEncinar, María Angeles.
_947178
700 1 _aGlenn, Kathleen M.
_957431
830 0 _aEdilesa ensayo
_9228704
852 _aES-MaACL
_jL-24175
999 _c17313
_d17313